| 000 | 00417nam a2200181Ia 4500 | ||
|---|---|---|---|
| 005 | 20240823054043.0 | ||
| 008 | 240823s9999||||xx |||||||||||||| ||und|| | ||
| 041 | _aENGLISH | ||
| 082 | _A822.33 Q2 | ||
| 100 | _aShanmugakani A | ||
| 245 | 0 | _aProse for Communication | |
| 250 | _a3rd | ||
| 260 |
_c2012 _bManimekala Publi |
||
| 500 | _aYES | ||
| 650 |
_aCommunication _bGeneral |
||
| 942 | _cBK | ||
| 999 |
_c225567 _d225567 |
||